| 000 | 01334nam0a22003131 4500 | ||
|---|---|---|---|
| 001 | rc\2344096 | ||
| 005 | 20260408083200.0 | ||
| 035 | _a(NLR Aleph) 006587932 | ||
| 090 |
_a7114977 _c7114977 |
||
| 100 | _a20110829d1977 |||y0rusy50 ca | ||
| 101 | 0 | _arus | |
| 102 | _aRU | ||
| 105 | _aa z ||||| | ||
| 200 | 1 |
_aЭлектронные устройства управления и сигнализации для автоматизации в энергетике _fМорар Стоян, инж., Сфетку Ион, инж., Ионеску Корнел, инж. [и др.] |
|
| 210 |
_a[Москва] _cБ. и. _d1977 |
||
| 215 |
_a16 с. _cил. _d23 |
||
| 225 | 1 |
_aВсемирный электротехнический конгресс. ВЭЛК. 21-25 июня 1977. Москва. Секция 7. Доклады _v34 |
|
| 309 | _aБез тит. л. и обл. | ||
| 701 | 1 |
_aСфетку _bИ. _gИон |
|
| 701 | 1 |
_aИонеску _bК. _gКорнел |
|
| 701 | 1 |
_aМорар _bС. _gСтоян |
|
| 712 | 1 | 2 |
_aВсемирный электротехнический конгресс _f1977 _eМосква _3RU\NLR\AUTH\8810165874 _9827760 |
| 801 | 1 |
_aRU _bELAR _2rusmarc |
|
| 801 | 0 |
_aRU _bNLR _gpsbo |
|
| 852 |
_aNLR _j77-6/6814 |
||
| 899 |
_aRuMoRGB _jБ 77-17/63 |
||
| 899 |
_aRuMoRGB _jБ 77-17/65 |
||
| 942 | _cBOOK | ||
| 980 | _aNB | ||